[Event "30th Klatovy B 2024"]
[Site "Klatovy CZE"]
[Date "2024.06.29"]
[Round "1.7"]
[White "Vratny, Vojtech"]
[Black "Rudlof, Jan 1974"]
[Result "1/2-1/2"]
[WhiteElo "1564"]
[BlackElo "1799"]
[PlyCount "107"]
[EventDate "2024.06.29"]
[EventType "swiss"]
[EventRounds "9"]
[EventCountry "CZE"]

1. Nf3 {[%emt 0:00:07]} Nf6 {[%emt 0:05:26]} 2. g3 {[%emt 0:00:33]} d5 {[%emt 0:01:41]} 3. Bg2 {[%emt 0:00:45]} c6 {[%emt 0:05:16]} 4. O-O {[%emt 0:01:25]} Bf5 {[%emt 0:00:50]} 5. d3 {[%emt 0:00:49]} Nbd7 {[%emt 0:07:18]} 6. Nbd2 {[%emt 0:00:53]} e5 {[%emt 0:07:17]} 7. Re1 {[%emt 0:03:54]} Bc5 {[%emt 0:15:24]} 8. e4 {[%emt 0:01:34]} dxe4 {[%emt 0:01:14]} 9. Nxe4 {[%emt 0:00:28]} Bxe4 {[%emt 0:01:47]} 10. dxe4 {[%emt 0:00:21]} O-O {[%emt 0:06:54]} 11. Bg5 {[%emt 0:01:04]} Re8 {[%emt 0:06:25]} 12. a3 {[%emt 0:02:38]} Qb6 {[%emt 0:07:02]} 13. Qd2 {[%emt 0:01:31]} a5 {[%emt 0:04:13]} 14. Bh3 {[%emt 0:01:15]} Rad8 {[%emt 0:04:23]} 15. Qe2 {[%emt 0:01:49]} Be7 {[%emt 0:09:24]} 16. Nh4 {[%emt 0:03:29]} Nf8 {[%emt 0:02:48]} 17. Nf5 {[%emt 0:01:22]} Ng6 {[%emt 0:10:37]} 18. Kh1 {[%emt 0:01:43]} c5 {[%emt 0:04:47]} 19. Qc4 {[%emt 0:02:23]} Qc6 {[%emt 0:02:10]} 20. Rad1 {[%emt 0:03:42]} Rxd1 {[%emt 0:03:17]} 21. Rxd1 {[%emt 0:00:57]} Qxe4+ {[%emt 0:00:53]} 22. Qxe4 {[%emt 0:00:23]} Nxe4 {[%emt 0:00:17]} 23. Be3 {[%emt 0:01:13]} b6 {[%emt 0:13:38]} 24. Bg2 {[%emt 0:01:12]} Nf6 {[%emt 0:00:36]} 25. h4 {[%emt 0:00:47]} Ng4 {[%emt 0:01:05]} 26. h5 {[%emt 0:01:05]} Nxe3 {[%emt 0:01:58]} 27. fxe3 {[%emt 0:00:19]} Nf8 {[%emt 0:00:34]} 28. Bc6 {[%emt 0:00:32]} g6 {[%emt 0:02:23]} 29. Bxe8 {[%emt 0:00:43]} gxf5 {[%emt 0:00:20]} 30. Rf1 {[%emt 0:01:44]} Bg5 {[%emt 0:02:10]} 31. Rxf5 {[%emt 0:00:48]} f6 {[%emt 0:00:12]} 32. Rf3 {[%emt 0:01:06]} Ne6 {[%emt 0:00:27]} 33. Bc6 {[%emt 0:01:06]} Kf8 {[%emt 0:01:00]} 34. Be4 {[%emt 0:01:18]} h6 {[%emt 0:00:14]} 35. Kg2 {[%emt 0:00:58]} Ke7 {[%emt 0:00:19]} 36. Kf1 {[%emt 0:00:40]} Kd6 {[%emt 0:01:40]} 37. c4 {[%emt 0:02:08]} Nc7 {[%emt 0:02:35]} 38. Bd3 {[%emt 0:01:13]} Ke6 {[%emt 0:00:50]} 39. Ke2 {[%emt 0:01:11]} Ne8 {[%emt 0:00:18]} 40. g4 {[%emt 0:02:26]} Nd6 {[%emt 0:00:14]} 41. Bf5+ {[%emt 0:04:54]} Ke7 {[%emt 0:00:07]} 42. Kd3 {[%emt 0:04:55]} Nb7 {[%emt 0:01:31]} 43. Ke4 {[%emt 0:10:07]} Kd6 {[%emt 0:00:19]} 44. Rf2 {[%emt 0:02:48]} Kc6 {[%emt 0:00:16]} 45. Kd3 {[%emt 0:02:20]} Nd6 {[%emt 0:00:48]} 46. Re2 {[%emt 0:12:09]} Kc7 {[%emt 0:00:13]} 47. Kc3 {[%emt 0:00:57]} e4 {[%emt 0:01:45]} 48. b4 {[%emt 0:01:36]} Bh4 {[%emt 0:00:52]} 49. bxc5 {[%emt 0:05:06]} bxc5 {[%emt 0:00:13]} 50. a4 {[%emt 0:00:56]} Bg3 {[%emt 0:00:40]} 51. Kb3 {[%emt 0:01:19]} Be5 {[%emt 0:00:39]} 52. Rd2 {[%emt 0:01:17]} Kc6 {[%emt 0:00:17]} 53. Rd5 {[%emt 0:02:11]} Bg3 {[%emt 0:00:16]} 54. Rd2 {[%emt 0:00:25]} 1/2-1/2

[Event "30th Klatovy B 2024"]
[Site "Klatovy CZE"]
[Date "2024.06.29"]
[Round "1.15"]
[White "Abraham, Darien"]
[Black "Tejnor, Martin"]
[Result "0-1"]
[WhiteElo "1512"]
[BlackElo "1732"]
[PlyCount "62"]
[EventDate "2024.06.29"]
[EventType "swiss"]
[EventRounds "9"]
[EventCountry "CZE"]

1. e4 c5 2. Nf3 d6 3. Bc4 Nc6 4. O-O Nf6 5. Nc3 g6 6. d3 Bg7 7. h3 O-O 8. Re1 Re8 9. Bf4 a6 10. a3 b5 11. Bd5 Nxd5 12. exd5 Nd4 13. b4 Nxf3+ 14. Qxf3 Bxc3 15. bxc5 Bxa1 16. Rxa1 dxc5 17. d6 Be6 18. dxe7 Qxe7 19. Re1 Bd5 20. Rxe7 Bxf3 21. Rxe8+ Rxe8 22. gxf3 Re2 23. c4 bxc4 24. dxc4 Rc2 25. Bd6 Rxc4 26. Kg2 Rc2 27. Kg3 c4 28. Bb4 Rb2 29. Bc3 Rb3 30. Bb4 Rxb4 31. axb4 c3 0-1

[Event "30th Klatovy B 2024"]
[Site "Klatovy CZE"]
[Date "2024.06.29"]
[Round "1.16"]
[White "Lickova, Anna"]
[Black "Dobsinsky, Petr"]
[Result "1-0"]
[WhiteElo "1725"]
[BlackElo "1504"]
[PlyCount "40"]
[EventDate "2024.06.29"]
[EventType "swiss"]
[EventRounds "9"]
[EventCountry "CZE"]

1. e4 c5 2. Nf3 Nc6 3. d4 cxd4 4. Nxd4 d6 5. Nc3 g6 6. Be3 Bg7 7. Be2 Nf6 8. O-O O-O 9. Kh1 a6 10. Qd2 Ne5 11. h3 Qc7 12. b3 b6 13. f4 Nc6 14. f5 Nxd4 15. Bxd4 e5 16. fxe6 Bxe6 17. Bxf6 Bxf6 18. Rxf6 Qe7 19. Raf1 Qc7 20. Nd5 Qd7 1-0

[Event "30th Klatovy B 2024"]
[Site "Klatovy CZE"]
[Date "2024.06.29"]
[Round "1.17"]
[White "Deverova, Tereza 1992"]
[Black "Svejdar, Pavel"]
[Result "0-1"]
[WhiteElo "1489"]
[BlackElo "1721"]
[PlyCount "52"]
[EventDate "2024.06.29"]
[EventType "swiss"]
[EventRounds "9"]
[EventCountry "CZE"]

1. d4 d5 2. Nf3 c6 3. Bf4 Nf6 4. e3 Bg4 5. c4 e6 6. Nc3 Qb6 7. Rb1 Nbd7 8. Be2 dxc4 9. Bxc4 Nd5 10. Bxd5 exd5 11. O-O Be7 12. b3 O-O 13. h3 Bh5 14. g4 Bg6 15. Rb2 f5 16. Bg5 Bb4 17. Na4 Qc7 18. Bf4 Bd6 19. Bxd6 Qxd6 20. Nh4 f4 21. Nxg6 Qxg6 22. Nc5 Nxc5 23. dxc5 f3 24. Qd4 Rae8 25. Qa4 Re4 26. Qxa7 Rxg4+ 0-1

[Event "30th Klatovy B 2024"]
[Site "Klatovy CZE"]
[Date "2024.06.29"]
[Round "1.18"]
[White "Vavrousek, Petr"]
[Black "Koutecka, Magdalena"]
[Result "1-0"]
[WhiteElo "1710"]
[BlackElo "1479"]
[PlyCount "39"]
[EventDate "2024.06.29"]
[EventType "swiss"]
[EventRounds "9"]
[EventCountry "CZE"]

1. e4 e5 2. Nf3 Nc6 3. Bb5 Bc5 4. c3 d6 5. O-O Nf6 6. d3 O-O 7. Bg5 Bg4 8. Nbd2 h6 9. Bh4 Qe7 10. Re1 Rad8 11. Nf1 Qe6 12. Ne3 Bh5 13. Nd5 g5 14. Bg3 Nxd5 15. exd5 Qxd5 16. Bc4 Bxf3 17. gxf3 Bxf2+ 18. Bxf2 Qa5 19. a4 e4 20. Bb5 1-0

[Event "30th Klatovy B 2024"]
[Site "Klatovy CZE"]
[Date "2024.06.29"]
[Round "1.19"]
[White "Skalicky, Jindrich"]
[Black "Vavrinkova, Jitka"]
[Result "0-1"]
[WhiteElo "1476"]
[BlackElo "1707"]
[PlyCount "84"]
[EventDate "2024.06.29"]
[EventType "swiss"]
[EventRounds "9"]
[EventCountry "CZE"]

1. e4 e6 2. d4 d5 3. exd5 exd5 4. Nf3 Bd6 5. Be2 Nf6 6. O-O O-O 7. Bg5 Bf5 8. Bxf6 Qxf6 9. c3 Nd7 10. Qb3 Nb6 11. Nbd2 Rfe8 12. Rae1 Bf4 13. Qd1 Re7 14. Bb5 Bg4 15. Rxe7 Qxe7 16. Re1 Qd6 17. h3 Bxd2 18. Qxd2 Bxf3 19. gxf3 Qg6+ 20. Kh2 Qd6+ 21. Kg1 c6 22. Bf1 Nd7 23. Bg2 Nf6 24. Re3 Nh5 25. Qe1 Kf8 26. Bf1 Nf4 27. Kh1 Qh6 28. Kh2 Ne6 29. Bg2 Qf4+ 30. Kh1 Qf5 31. Kh2 b6 32. a3 Nf4 33. Qd2 Rd8 34. Re5 Qf6 35. Re3 Rd6 36. Qe1 Qd8 37. Qd2 Nxg2 38. Kxg2 Rg6+ 39. Kf1 Qg5 40. Ke2 Qh4 41. Qd3 Rg2 42. Qa6 Qxf2+ 0-1

[Event "30th Klatovy B 2024"]
[Site "Klatovy CZE"]
[Date "2024.06.29"]
[Round "1.20"]
[White "Vo, Daniel"]
[Black "Koukola, Stepan"]
[Result "1-0"]
[WhiteElo "1705"]
[BlackElo "1470"]
[PlyCount "93"]
[EventDate "2024.06.29"]
[EventType "swiss"]
[EventRounds "9"]
[EventCountry "CZE"]

1. e4 c6 2. d4 d5 3. Nc3 dxe4 4. Nxe4 Nf6 5. Nxf6+ exf6 6. c3 Bf5 7. Bf4 Bd6 8. Bg3 Qe7+ 9. Be2 Nd7 10. Qd2 O-O-O 11. O-O-O Rhe8 12. Bxd6 Qxd6 13. Nf3 Nf8 14. Nh4 Be6 15. Bd3 Ng6 16. Nxg6 fxg6 17. Kb1 Qd5 18. b3 Qxg2 19. Rhg1 Qd5 20. Bc4 Bf5+ 21. Kb2 Qd6 22. h4 Rd7 23. d5 Red8 24. Rg3 cxd5 25. Bb5 Re7 26. Bd3 Be6 27. Be2 Qc6 28. Rd3 Red7 29. Bf3 Qc5 30. b4 Qc4 31. Rd4 Qb5 32. Be2 Qc6 33. Bf3 Qb5 34. Kb3 Rd6 35. a4 Qd7 36. Ka3 Kc7 37. Qf4 Kc8 38. c4 Ra6 39. a5 b6 40. Bxd5 Bxd5 41. Rxd5 Qh3+ 42. Ka4 Rxd5 43. Rxd5 bxa5 44. Rc5+ Kd8 45. Qb8+ Ke7 46. Rc7+ Kd6 47. Rxa7+ 1-0

[Event "30th Klatovy B 2024"]
[Site "Klatovy CZE"]
[Date "2024.06.29"]
[Round "1.21"]
[White "Pasek, Tomas"]
[Black "Martinek, Lukas"]
[Result "0-1"]
[WhiteElo "1459"]
[BlackElo "1698"]
[PlyCount "44"]
[EventDate "2024.06.29"]
[EventType "swiss"]
[EventRounds "9"]
[EventCountry "CZE"]

1. d4 Nf6 2. Bg5 h6 3. Bxf6 gxf6 4. g3 c6 5. b4 Qb6 6. c3 a5 7. bxa5 Qb2 8. Nd2 Qxc3 9. Ngf3 Qxa5 10. Bg2 e5 11. O-O exd4 12. Nc4 Qc5 13. Qxd4 Qxd4 14. Nxd4 Ra4 15. Rfc1 b5 16. Nb6 Rxd4 17. Nxc8 Kd8 18. Rd1 Rxd1+ 19. Rxd1 Kxc8 20. Rc1 Kb7 21. Rb1 Kb6 22. a4 b4 0-1

[Event "30th Klatovy B 2024"]
[Site "Klatovy CZE"]
[Date "2024.06.29"]
[Round "1.22"]
[White "Kusova, Nikola 2012"]
[Black "Chmelova, Klara"]
[Result "1-0"]
[WhiteElo "1696"]
[BlackElo "1457"]
[PlyCount "35"]
[EventDate "2024.06.29"]
[EventType "swiss"]
[EventRounds "9"]
[EventCountry "CZE"]

1. e4 e5 2. Nf3 Nc6 3. Bb5 Bd6 4. O-O Nf6 5. d4 exd4 6. Bxc6 dxc6 7. e5 Bxe5 8. Nxe5 O-O 9. Nd2 Re8 10. Re1 Bf5 11. Nb3 Bg6 12. Nxg6 fxg6 13. Bg5 Rxe1+ 14. Qxe1 b6 15. Qe6+ Kh8 16. Qxc6 Qe7 17. Qxa8+ Ng8 18. Bxe7 1-0

[Event "30th Klatovy B 2024"]
[Site "Klatovy CZE"]
[Date "2024.06.29"]
[Round "1.23"]
[White "Jarosik, Karel"]
[Black "Brychta, David"]
[Result "0-1"]
[WhiteElo "1456"]
[BlackElo "1695"]
[PlyCount "50"]
[EventDate "2024.06.29"]
[EventType "swiss"]
[EventRounds "9"]
[EventCountry "CZE"]

1. e4 c5 2. Nf3 d6 3. d4 cxd4 4. Nxd4 Nc6 5. Bb5 Bd7 6. Nxc6 Bxc6 7. Bxc6+ bxc6 8. O-O Nf6 9. Nc3 g6 10. Be3 Bg7 11. Qd2 O-O 12. Bh6 Re8 13. Bxg7 Kxg7 14. Rfe1 Nd7 15. Re3 f6 16. Ne2 Ne5 17. b3 Qd7 18. Nf4 Rg8 19. Rg3 Nf7 20. Rd1 Ng5 21. Qd4 e5 22. Qc3 Nxe4 23. Qe3 Nxg3 24. Ne2 Nxe2+ 25. Qxe2 Qe6 0-1

[Event "30th Klatovy B 2024"]
[Site "Klatovy CZE"]
[Date "2024.06.29"]
[Round "1.24"]
[White "Svejdar, Petr"]
[Black "Martinek, Tomas 2012"]
[Result "1-0"]
[WhiteElo "1695"]
[BlackElo "1438"]
[PlyCount "93"]
[EventDate "2024.06.29"]
[EventType "swiss"]
[EventRounds "9"]
[EventCountry "CZE"]

1. d4 d5 2. Nf3 Nf6 3. e3 e6 4. Bd3 c5 5. c3 Bd6 6. Nbd2 O-O 7. O-O Nbd7 8. Re1 Re8 9. Qe2 Nb6 10. e4 dxe4 11. Nxe4 Nxe4 12. Qxe4 f5 13. Qe2 cxd4 14. Nxd4 Qe7 15. Bb5 Bd7 16. Bxd7 Qxd7 17. Nb5 Bf8 18. Bf4 Nd5 19. Qd3 Rad8 20. Rad1 Bc5 21. c4 Nf6 22. Qxd7 Rxd7 23. Rxd7 Nxd7 24. Nc7 Re7 25. Rxe6 Rxe6 26. Nxe6 Be7 27. Be3 a6 28. Kf1 Kf7 29. Nd4 g6 30. Ke2 Bd6 31. g3 Nf6 32. f3 Ke7 33. Bg5 Be5 34. Kd3 Kf7 35. Bxf6 Kxf6 36. f4 Bd6 37. a3 Ke7 38. b4 b6 39. Nb3 Kd7 40. c5 bxc5 41. bxc5 Be7 42. Kc4 Kc7 43. Kd5 Kd7 44. a4 Bf6 45. c6+ Kc7 46. Nc5 Kb6 47. Nd7+ 1-0

[Event "30th Klatovy B 2024"]
[Site "Klatovy CZE"]
[Date "2024.06.29"]
[Round "1.25"]
[White "Stepnicka, Filip"]
[Black "Mlynek, Jakub"]
[Result "1-0"]
[WhiteElo "1434"]
[BlackElo "1694"]
[PlyCount "67"]
[EventDate "2024.06.29"]
[EventType "swiss"]
[EventRounds "9"]
[EventCountry "CZE"]

1. e4 c6 2. d4 d5 3. exd5 cxd5 4. c4 Nf6 5. Nc3 e6 6. Nf3 Bb4 7. Bd2 O-O 8. cxd5 exd5 9. Bd3 Re8+ 10. Be2 Bg4 11. O-O Nc6 12. a3 Ba5 13. b4 Bc7 14. b5 Bxf3 15. bxc6 Bxe2 16. Nxe2 bxc6 17. Rc1 Bxh2+ 18. Kxh2 Ng4+ 19. Kg1 Qh4 20. Bf4 Re4 21. Bg3 Qh6 22. Nc3 f5 23. Nxe4 dxe4 24. Re1 Rf8 25. f4 g5 26. fxg5 Qh5 27. Qb3+ Kh8 28. Be5+ Nxe5 29. dxe5 f4 30. Rxe4 f3 31. Rf1 f2+ 32. Rxf2 Rxf2 33. Kxf2 Qf7+ 34. Qxf7 1-0

[Event "30th Klatovy B 2024"]
[Site "Klatovy CZE"]
[Date "2024.06.29"]
[Round "1.26"]
[White "Vojta, Radek 2007"]
[Black "Tereshonkov, Stanislav"]
[Result "1-0"]
[WhiteElo "1693"]
[BlackElo "1413"]
[PlyCount "75"]
[EventDate "2024.06.29"]
[EventType "swiss"]
[EventRounds "9"]
[EventCountry "CZE"]

1. e4 e5 2. Nc3 Bc5 3. f4 d6 4. Nf3 Nc6 5. Bb5 exf4 6. d4 Bb4 7. Bxf4 Bd7 8. O-O a6 9. Ba4 Nge7 10. e5 dxe5 11. Nxe5 Nxe5 12. Bxe5 O-O 13. Bxd7 Qxd7 14. Qf3 Bxc3 15. Qxc3 Rac8 16. Rf2 Qd5 17. Qg3 Ng6 18. Bxc7 Qxd4 19. c3 Qc5 20. Bd6 Qb6 21. Bxf8 Rxf8 22. Raf1 Rd8 23. Kh1 Rf8 24. Qf3 Ne5 25. Qd5 Qc7 26. Re2 Ng4 27. Qh5 Nf6 28. Qe5 Qc6 29. Rfe1 h6 30. Qd4 b5 31. Rd2 Qc8 32. Qa7 Qc6 33. Red1 Ne4 34. Rd8 Rxd8 35. Rxd8+ Kh7 36. Qxf7 Qb6 37. Qf5+ Qg6 38. Rh8+ 1-0

[Event "30th Klatovy B 2024"]
[Site "Klatovy CZE"]
[Date "2024.06.29"]
[Round "1.27"]
[White "Vanousek, Zdenek"]
[Black "Kroulik, Stepan"]
[Result "0-1"]
[WhiteElo "1406"]
[BlackElo "1688"]
[PlyCount "26"]
[EventDate "2024.06.29"]
[EventType "swiss"]
[EventRounds "9"]
[EventCountry "CZE"]

1. e4 c5 2. Nf3 e6 3. Nc3 a6 4. d4 cxd4 5. Nxd4 Qc7 6. Be3 Bb4 7. Bd2 Nf6 8. Be2 Bxc3 9. Bxc3 Nxe4 10. Bb4 Nc6 11. Nxc6 bxc6 12. Bf3 Qb6 13. c3 Qxf2# 0-1

[Event "30th Klatovy B 2024"]
[Site "Klatovy CZE"]
[Date "2024.06.30"]
[Round "2.13"]
[White "Martinek, Lukas"]
[Black "Rudlof, Jan 2006"]
[Result "0-1"]
[WhiteElo "1698"]
[BlackElo "1599"]
[PlyCount "105"]
[EventDate "2024.06.29"]
[EventType "swiss"]
[EventRounds "9"]
[EventCountry "CZE"]

1. e4 {[%emt 0:00:02]} e5 {[%emt 0:00:05]} 2. Nc3 {[%emt 0:00:07]} Nf6 {[%emt 0:00:18]} 3. f4 {[%emt 0:00:11]} d5 {[%emt 0:00:59]} 4. fxe5 {[%emt 0:00:38]} Nxe4 {[%emt 0:00:22]} 5. Qf3 {[%emt 0:00:49]} Nxc3 {[%emt 0:02:10]} 6. bxc3 {[%emt 0:00:36]} Qh4+ {[%emt 0:06:46]} 7. g3 {[%emt 0:00:23]} Qe4+ {[%emt 0:00:50]} 8. Qxe4 {[%emt 0:00:44]} dxe4 {[%emt 0:00:06]} 9. d4 {[%emt 0:01:08]} exd3 {[%emt 0:00:49]} 10. cxd3 {[%emt 0:00:08]} Nc6 {[%emt 0:01:46]} 11. d4 {[%emt 0:00:23]} Bf5 {[%emt 0:00:42]} 12. Nf3 {[%emt 0:01:44]} O-O-O {[%emt 0:02:37]} 13. Bc4 {[%emt 0:00:26]} Be7 {[%emt 0:09:54]} 14. Ng5 {[%emt 0:02:30]} Bxg5 {[%emt 0:03:19]} 15. Bxg5 {[%emt 0:00:03]} Rd7 {[%emt 0:07:59]} 16. O-O {[%emt 0:00:17]} Be6 {[%emt 0:02:42]} 17. Bxe6 {[%emt 0:00:42]} fxe6 {[%emt 0:00:19]} 18. Rf3 {[%emt 0:00:25]} h6 {[%emt 0:00:56]} 19. Bd2 {[%emt 0:00:18]} Na5 {[%emt 0:01:31]} 20. Raf1 {[%emt 0:00:12]} Re8 {[%emt 0:01:49]} 21. Rf7 {[%emt 0:00:43]} Kd8 {[%emt 0:00:56]} 22. Rxd7+ {[%emt 0:00:36]} Kxd7 {[%emt 0:00:17]} 23. Rf7+ {[%emt 0:00:02]} Re7 {[%emt 0:00:13]} 24. Rxe7+ {[%emt 0:00:04]} Kxe7 {[%emt 0:00:11]} 25. h4 {[%emt 0:00:06]} Nc4 {[%emt 0:00:35]} 26. Bc1 {[%emt 0:00:28]} h5 {[%emt 0:00:38]} 27. Kf2 {[%emt 0:00:09]} c5 {[%emt 0:01:40]} 28. Kf3 {[%emt 0:01:14]} cxd4 {[%emt 0:00:49]} 29. cxd4 {[%emt 0:00:02]} Nb6 {[%emt 0:00:43]} 30. Kf4 {[%emt 0:00:36]} Kf7 {[%emt 0:00:58]} 31. Ke4 {[%emt 0:01:19]} Nd5 {[%emt 0:01:46]} 32. a3 {[%emt 0:00:03]} b5 {[%emt 0:06:25]} 33. Kd3 {[%emt 0:00:16]} Kg6 {[%emt 0:01:53]} 34. a4 {[%emt 0:02:15]} a6 {[%emt 0:01:17]} 35. axb5 {[%emt 0:00:22]} axb5 {[%emt 0:00:21]} 36. Ke4 {[%emt 0:00:02]} Kf7 {[%emt 0:05:01]} 37. Kd3 {[%emt 0:00:13]} Ke7 {[%emt 0:02:09]} 38. Ke4 {[%emt 0:01:06]} Kd7 {[%emt 0:00:33]} 39. Kf3 {[%emt 0:00:22]} b4 {[%emt 0:01:18]} 40. g4 {[%emt 0:00:13]} g6 {[%emt 0:00:20]} 41. gxh5 {[%emt 0:00:19]} gxh5 {[%emt 0:00:24]} 42. Ke4 {[%emt 0:00:03]} Kc6 {[%emt 0:00:17]} 43. Kd3 {[%emt 0:00:26]} Kb5 {[%emt 0:00:28]} 44. Bd2 {[%emt 0:00:43]} b3 {[%emt 0:06:08]} 45. Bc1 {[%emt 0:00:31]} Kb4 {[%emt 0:01:57]} 46. Bb2 {[%emt 0:00:29]} Kb5 {[%emt 0:04:34]} 47. Ba1 {[%emt 0:00:07]} Ka4 {[%emt 0:07:21]} 48. Kc4 {[%emt 0:00:13]} Ka3 {[%emt 0:00:12]} 49. Kc5 {[%emt 0:00:23]} Ka2 {[%emt 0:00:55]} 50. Kd6 {[%emt 0:00:02]} Kxa1 {[%emt 0:00:19]} 51. Kxe6 {[%emt 0:00:03]} b2 {[%emt 0:00:13]} 52. Kxd5 {[%emt 0:00:04]} b1=Q {[%emt 0:00:13]} 53. e6 {[%emt 0:00:04]} 0-1

[Event "30th Klatovy B 2024"]
[Site "Klatovy CZE"]
[Date "2024.06.30"]
[Round "2.15"]
[White "Brychta, David"]
[Black "Kolman, Pavel Petr 2007"]
[Result "1-0"]
[WhiteElo "1695"]
[BlackElo "1582"]
[PlyCount "57"]
[EventDate "2024.06.29"]
[EventType "swiss"]
[EventRounds "9"]
[EventCountry "CZE"]

1. c4 f5 2. Nc3 Nf6 3. g3 e6 4. d3 b6 5. Bg2 Nc6 6. Nf3 Bb7 7. O-O Bd6 8. a3 O-O 9. b4 Ne5 10. Nxe5 Bxg2 11. Kxg2 Bxe5 12. d4 Bd6 13. Bg5 Qe8 14. Qd2 Qg6 15. Bf4 h5 16. c5 bxc5 17. bxc5 Bxf4 18. Qxf4 c6 19. h4 Rae8 20. Rab1 Nd5 21. Nxd5 exd5 22. e3 Re4 23. Qg5 Qe6 24. Qxh5 Rg4 25. a4 Qe4+ 26. f3 Qc2+ 27. Kh3 Qe2 28. Rbe1 Qd3 29. Rg1 1-0

[Event "30th Klatovy B 2024"]
[Site "Klatovy CZE"]
[Date "2024.06.30"]
[Round "2.16"]
[White "Mojzisova, Barbora"]
[Black "Svejdar, Petr"]
[Result "1/2-1/2"]
[WhiteElo "1535"]
[BlackElo "1695"]
[PlyCount "30"]
[EventDate "2024.06.29"]
[EventType "swiss"]
[EventRounds "9"]
[EventCountry "CZE"]

1. e4 e5 2. Nf3 Nc6 3. d4 exd4 4. Nxd4 Bc5 5. Be3 Qf6 6. c3 Nge7 7. Bc4 Qg6 8. O-O Ne5 9. Be2 O-O 10. Kh1 d6 11. Bh5 Qxe4 12. Nd2 Qd3 13. Be2 Qg6 14. Bh5 Qd3 15. Be2 Qg6 1/2-1/2

[Event "30th Klatovy B 2024"]
[Site "Klatovy CZE"]
[Date "2024.06.30"]
[Round "2.18"]
[White "Kroulik, Stepan"]
[Black "Strihavka, Petr"]
[Result "1-0"]
[WhiteElo "1688"]
[BlackElo "1518"]
[PlyCount "89"]
[EventDate "2024.06.29"]
[EventType "swiss"]
[EventRounds "9"]
[EventCountry "CZE"]

1. e4 e5 2. Nf3 Nc6 3. Bb5 a6 4. Bxc6 dxc6 5. d3 Bd6 6. Nbd2 Be6 7. b3 Qf6 8. Bb2 O-O-O 9. O-O g5 10. Nc4 Bxc4 11. bxc4 h5 12. d4 exd4 13. Bxd4 Qg6 14. Bxh8 Bxh2+ 15. Kxh2 Rxd1 16. Raxd1 f6 17. e5 g4 18. Nd4 h4 19. Ne6 b6 20. Rd8+ Kb7 21. exf6 Nxf6 22. Bxf6 Qxf6 23. Re8 g3+ 24. Kg1 gxf2+ 25. Rxf2 Qa1+ 26. Kh2 Qc3 27. Rf3 Qxc4 28. Rff8 c5 29. Rf7 a5 30. Rxc7+ Ka6 31. Rh7 Qg4 32. Rg7 Qf5 33. a4 Qe5+ 34. Kh3 Qf5+ 35. Kxh4 Qe4+ 36. g4 Qh1+ 37. Kg5 Qd5+ 38. Kf6 Qf3+ 39. Ke7 Qa3 40. Kd8 Qg3 41. Kc8 b5 42. Nc7+ Ka7 43. Nxb5+ Kb6 44. Re6+ Qd6 45. Rxd6# 1-0

[Event "30th Klatovy B 2024"]
[Site "Klatovy CZE"]
[Date "2024.06.30"]
[Round "2.20"]
[White "Koupil, Stepan"]
[Black "Stepnicka, Filip"]
[Result "1-0"]
[WhiteElo "1685"]
[BlackElo "1434"]
[PlyCount "139"]
[EventDate "2024.06.29"]
[EventType "swiss"]
[EventRounds "9"]
[EventCountry "CZE"]

1. e4 e5 2. Nf3 Nc6 3. d4 exd4 4. Nxd4 Bc5 5. Be3 Qf6 6. c3 Nxd4 7. cxd4 Bb4+ 8. Nc3 Ne7 9. Be2 O-O 10. O-O b6 11. Bf3 d5 12. Nxd5 Nxd5 13. exd5 Bb7 14. a3 Bd6 15. Be4 Bxh2+ 16. Kxh2 Qh4+ 17. Kg1 Qxe4 18. Re1 Bxd5 19. f3 Qg6 20. Bf4 c6 21. Re5 f6 22. Re3 Rfe8 23. Qd2 Rxe3 24. Qxe3 Re8 25. Qf2 Kh8 26. Bh2 Bc4 27. Kh1 Re2 28. Qg3 Qxg3 29. Bxg3 Rxb2 30. Bb8 a6 31. Rc1 b5 32. Bd6 Rd2 33. Bc5 h6 34. Kh2 Kh7 35. Re1 Bd5 36. Kg3 Kg6 37. Re7 a5 38. Ra7 a4 39. Bf8 Bf7 40. f4 f5 41. Rc7 Rc2 42. Kh3 Rc4 43. g4 fxg4+ 44. Kxg4 Be6+ 45. Kf3 Bf7 46. Ke4 Rc3 47. f5+ Kg5 48. Rxf7 h5 49. Rxg7+ Kf6 50. Rg6+ Kf7 51. Bc5 h4 52. Rxc6 Rh3 53. Rh6 Rh1 54. Kf4 h3 55. Kg3 Rg1+ 56. Kh2 Rb1 57. Rxh3 Rb2+ 58. Kg3 Kf6 59. Kf4 Rf2+ 60. Rf3 Rh2 61. d5 Rh4+ 62. Ke3 Rh7 63. Bd4+ Kf7 64. Rg3 Kf8 65. Ke4 Rh4+ 66. Ke5 Rh1 67. Ke6 Re1+ 68. Be5 Rh1 69. Bd6+ Ke8 70. Rg8# 1-0

[Event "30th Klatovy B 2024"]
[Site "Klatovy CZE"]
[Date "2024.06.30"]
[Round "2.21"]
[White "Velkoborsky, Tadeas"]
[Black "Rezac, Jindrich"]
[Result "1/2-1/2"]
[WhiteElo "1578"]
[BlackElo "1875"]
[PlyCount "32"]
[EventDate "2024.06.29"]
[EventType "swiss"]
[EventRounds "9"]
[EventCountry "CZE"]

1. e4 d5 2. exd5 Qxd5 3. Nc3 Qa5 4. Nf3 Nf6 5. Bc4 Bf5 6. d3 c6 7. O-O Qc7 8. Re1 e6 9. Nd4 Bg4 10. f3 Bc5 11. Be3 Qd6 12. Ne4 Nxe4 13. dxe4 Bh5 14. Kh1 Nd7 15. Qd2 Nb6 16. Bb3 O-O 1/2-1/2

[Event "30th Klatovy B 2024"]
[Site "Klatovy CZE"]
[Date "2024.06.30"]
[Round "2.22"]
[White "Krivka, Lukas"]
[Black "Koper, Stefan"]
[Result "0-1"]
[WhiteElo "1587"]
[BlackElo "1845"]
[PlyCount "96"]
[EventDate "2024.06.29"]
[EventType "swiss"]
[EventRounds "9"]
[EventCountry "CZE"]

1. d4 Nf6 2. c4 g6 3. Nc3 Bg7 4. e4 d6 5. f3 O-O 6. Be3 Na6 7. a3 c5 8. Nge2 Bd7 9. Qd2 Rc8 10. Rd1 b6 11. Nc1 e5 12. dxe5 dxe5 13. Be2 Qc7 14. O-O Nb8 15. Nd5 Nxd5 16. cxd5 Rcd8 17. Bh6 Qd6 18. Bxg7 Kxg7 19. Nd3 Bb5 20. Qc3 Bxd3 21. Bxd3 f6 22. Rc1 Rc8 23. Rfd1 h5 24. b4 Rf7 25. b5 g5 26. a4 Nd7 27. Bc4 h4 28. Qe1 Nf8 29. Rc2 Ng6 30. g3 Rh8 31. Rdd2 Kf8 32. Re2 Rfh7 33. Rg2 hxg3 34. hxg3 Rh1+ 35. Kf2 Rxe1 36. Kxe1 Rh1+ 37. Bf1 Nh8 38. Rh2 Rxh2 39. Rxh2 Kg7 40. Bc4 Nf7 41. Kf2 Qf8 42. Kg2 Nd6 43. Bb3 a6 44. bxa6 Qa8 45. Rh1 Qxa6 46. Rc1 Qe2+ 47. Kh3 Qxf3 48. Bd1 Qxe4 0-1

[Event "30th Klatovy B 2024"]
[Site "Klatovy CZE"]
[Date "2024.06.30"]
[Round "2.23"]
[White "Rudlof, Jan 1974"]
[Black "Souralova, Jana"]
[Result "1-0"]
[WhiteElo "1799"]
[BlackElo "1557"]
[PlyCount "111"]
[EventDate "2024.06.29"]
[EventType "swiss"]
[EventRounds "9"]
[EventCountry "CZE"]

1. d4 d5 2. Nf3 Nf6 3. c4 e6 4. Nc3 Be7 5. Bf4 O-O 6. e3 a6 7. Qb3 dxc4 8. Qxc4 Bd6 9. Bg3 Nc6 10. Be2 Re8 11. O-O Bxg3 12. hxg3 Bd7 13. Rfd1 Qe7 14. a3 Red8 15. b4 Be8 16. Rd2 Nd5 17. Rad1 f6 18. Qb3 Nxc3 19. Qxc3 Na7 20. Qb2 Nb5 21. Ne1 Nd6 22. Rc1 Bg6 23. Bd3 Bxd3 24. Nxd3 Ne4 25. Rdc2 Rac8 26. Nc5 Nxc5 27. Rxc5 c6 28. a4 Rd5 29. Qc3 Rxc5 30. Qxc5 Qxc5 31. bxc5 Kf7 32. Rb1 Rc7 33. Kf1 Ke7 34. Ke2 Rd7 35. g4 g5 36. Rh1 Kf8 37. g3 Kg7 38. f4 h6 39. Kf3 Re7 40. Ke4 Re8 41. Kd3 Re7 42. Kc4 a5 43. Rd1 Rd7 44. e4 Kf7 45. d5 exd5+ 46. exd5 cxd5+ 47. Rxd5 Ke7 48. Rxd7+ Kxd7 49. Kb5 Kc7 50. Kxa5 Kc6 51. Kb4 gxf4 52. gxf4 Kd5 53. f5 Ke5 54. a5 Kd5 55. Kb5 Kd4 56. c6 1-0